Statistics for Materials

Click here to take the quiz!

General Stats

  • This quiz has been taken 13 times
  • The average score is 4 of 9

Answer Stats

HintAnswer% Correct
Yellow metalGold
83%
Minecraft ____
helmet
Iron
75%
Usually blue
gem
Diamond
67%
Used to make
fire grow
Wood
67%
Grayish metalSilver
50%
This stone is
more rare than
a diamond
Ammolite
17%
______ BarsSteel
17%
Rarest materialTanzanite
17%
Last discoveredSonoranite
0%

Score Distribution

Percentile by Number Answered

Percent of People with Each Score

Your Score History

You have not taken this quiz